Folk tales of Rajsthan / (Record no. 47765)

MARC details
000 -LEADER
fixed length control field 00457nam a22001697a 4500
005 - DATE AND TIME OF LATEST TRANSACTION
control field 20190409143526.0
010 ## - LCCN (DPL NO)
LC control number B-217552
020 ## - INTERNATIONAL STANDARD BOOK NUMBER
International Standard Book Number 8123013108
Terms of availability 60.00
035 ## - SYSTEM CONTROL NUMBER
System control number B-217550,B-217552
082 ## - DEWEY DECIMAL CLASSIFICATION NUMBER
Classification number S
100 ## - MAIN ENTRY--PERSONAL NAME
Personal name Dube, Dina Nath
245 ## - TITLE STATEMENT
Title Folk tales of Rajsthan /
Statement of responsibility, etc by Dina Nath Dube
260 ## - PUBLICATION, DISTRIBUTION, ETC. (IMPRINT)
Place of publication, distribution, etc New Delhi
Name of publisher, distributor, etc Publications Division
Date of publication, distribution, etc 2005-06
300 ## - PHYSICAL DESCRIPTION
Extent 73p.
Dimensions 25cm (pbk)
Accompanying material ill.
942 ## - ADDED ENTRY ELEMENTS (KOHA)
Source of classification or shelving scheme Dewey Decimal Classification
Item type Children Books
Classification part S
Call number suffix DUB
Holdings
Withdrawn status Lost status Not for loan Collection code Home library Current library Date acquired Cost, normal purchase price Full call number Barcode Copy number Cost, replacement price Koha item type Source of acquisition
    Not For Loan Non-fiction Patel Nagar Patel Nagar 25/09/2010 60.00 S DUB B-217550 1 60.00 Children Books  
      Fiction R.C.Libraries (zls) R.C.Libraries (zls) 09/04/2019 60.00 S DUB B-217552 1. 60.00 Children Books  
      Fiction Shahdara Branch Shahdara Branch 05/01/2019 60.00 S DUB B-217546   60.00 Children Books BPPD/PUB

© Delhi Public Library
Hit Counter
free hit counter